| 000 | 01006nam a2200217Ia 4500 | ||
|---|---|---|---|
| 003 | IN-BaIIA | ||
| 008 | 211028s9999 xx 000 0 eng d | ||
| 020 | _a0340-8922 | ||
| 040 | _cIIA Library | ||
| 080 |
_a524.7-73(082.1) _bXRA |
||
| 100 |
_aBrinkmann, Wolfgang _913723 |
||
| 111 |
_aConference on X-Ray and UV Emission From Active Galactic Nuclei _cMax-Planck-Institut fur Extraterrestrische Physik, Garching _d1984 July 9-13 _913724 |
||
| 245 | 0 |
_aX-ray and UV emission from active galactic nuclei _bproceedings of the Conference on X-ray and UV emission from active galactic nuclei, held in Max-Planck-Institut fur Extraterrestrische Physik, Garching, Germany, 9-13 July 1984 _cWolfgang Brinkmann and Joachim Trumper |
|
| 260 |
_aGermany _bMax-Planck-Institut fur Astrophysik _c1984 |
||
| 650 |
_aActive galactic Nuclei _96209 |
||
| 650 | _aAstronomy and Astrophysics thesaurus | ||
| 650 |
_aUV emission _913725 |
||
| 650 |
_aX-ray emission _913726 |
||
| 700 |
_aTrumper, Joachim _913727 |
||
| 942 | _cBK | ||
| 999 |
_c8169 _d8169 |
||